Environmental management strategies: the 21st century perspective

Đã lưu trong:
Chi tiết về thư mục
Tác giả chính: Crognale, Gabriele (Tác giả)
Định dạng: Sách
Ngôn ngữ:Tiếng Anh
Được phát hành: Englewood Cliffs Prentice Hall 1999
Loạt:Prentice Hall PTR Environmental Management and Engineering Series, 5
Những chủ đề:
Các nhãn: Thêm thẻ
Không có thẻ, Là người đầu tiên thẻ bản ghi này!

MARC

LEADER 00000nam a2200000 a 4500
001 UCO0420
003 CL-VaPUC
008 000420e19990000US |||||||||||||||||eng|d
082 0 4 |a 363.7  |b CRO  |2 21 
100 0 |a Crognale, Gabriele  |e author  |9 441688 
245 1 0 |a Environmental management strategies: the 21st century perspective 
300 |a 474 p 
942 |c BK 
945 |d 20000420 00:00:00  |a vberengu 
260 |a Englewood Cliffs  |b Prentice Hall  |c 1999 
650 0 |a Gestión ambiental   |9 338121 
650 0 |a Medio ambiente  |9 257625 
650 7 |a PLANIFICACION AMBIENTAL  |2 CL-VaPUC  |9 337987 
583 |a last modification  |c 20130317 12:08:53  |k Rodrigo Vera 
490 0 |a Prentice Hall PTR Environmental Management and Engineering Series, 5 
999 |c 287129  |d 287127 
952 |0 0  |1 0  |4 0  |6 363_700000000000000_CRO_1999  |7 0  |8 A  |9 333560  |a BIBING  |b BIBING  |d 2019-11-20  |i 3609839  |o 363.7 CRO 1999  |p 3609839  |r 2025-01-20  |w 2019-11-20  |y BK  |k EIQ